<?xml version="1.0" encoding="UTF-8"?>
<record
    xmlns:xsi="http://www.w3.org/2001/XMLSchema-instance"
    xsi:schemaLocation="http://www.loc.gov/MARC21/slim http://www.loc.gov/standards/marcxml/schema/MARC21slim.xsd"
    xmlns="http://www.loc.gov/MARC21/slim">

  <leader>00566    a2200133   4500</leader>
  <datafield tag="020" ind1=" " ind2=" ">
    <subfield code="a">9953005427</subfield>
  </datafield>
  <datafield tag="082" ind1=" " ind2=" ">
    <subfield code="a">707.956.9</subfield>
    <subfield code="b">T645h</subfield>
  </datafield>
  <datafield tag="110" ind1=" " ind2=" ">
    <subfield code="a">The Lebanese Association for Plastic Arts, Ashkal Alwan</subfield>
    <subfield code="9">714</subfield>
  </datafield>
  <datafield tag="245" ind1=" " ind2=" ">
    <subfield code="a">Home Works II:</subfield>
    <subfield code="b">A Forum on Cultural Practices</subfield>
  </datafield>
  <datafield tag="260" ind1=" " ind2=" ">
    <subfield code="a">Beirut, Lebanon</subfield>
    <subfield code="b">The Lebanese Association for Plastics Arts</subfield>
    <subfield code="c">2005</subfield>
  </datafield>
  <datafield tag="300" ind1=" " ind2=" ">
    <subfield code="a">300 p</subfield>
    <subfield code="b">col</subfield>
    <subfield code="c">22 cm</subfield>
  </datafield>
  <datafield tag="650" ind1=" " ind2=" ">
    <subfield code="a">arte</subfield>
    <subfield code="x">exhibicion</subfield>
    <subfield code="x">practicas culturales</subfield>
    <subfield code="x">investigacion-arte</subfield>
    <subfield code="x">home works: a forum on cultural practices</subfield>
    <subfield code="9">715</subfield>
  </datafield>
  <datafield tag="710" ind1=" " ind2=" ">
    <subfield code="a">The Lebanese Association for Plastic Arts, Ashkal Alwan</subfield>
    <subfield code="9">716</subfield>
  </datafield>
  <datafield tag="999" ind1=" " ind2=" ">
    <subfield code="c">146</subfield>
    <subfield code="d">146</subfield>
  </datafield>
  <datafield tag="952" ind1=" " ind2=" ">
    <subfield code="0">0</subfield>
    <subfield code="1">0</subfield>
    <subfield code="2">ddc</subfield>
    <subfield code="4">0</subfield>
    <subfield code="7">0</subfield>
    <subfield code="a">LV</subfield>
    <subfield code="b">LV</subfield>
    <subfield code="c">Pensamiento</subfield>
    <subfield code="d">2014-05-22</subfield>
    <subfield code="l">0</subfield>
    <subfield code="o">707.956.9 T645h</subfield>
    <subfield code="p">003970</subfield>
    <subfield code="r">2014-05-22 00:00:00</subfield>
    <subfield code="w">2014-05-22</subfield>
    <subfield code="y">01</subfield>
  </datafield>
</record>
